Participación ciudadana, los límites del Plan Puebla-Panamá
Salvato in:
| Natura: | testo |
|---|---|
| Soggetti: | |
| Tags: |
Aggiungi Tag
Nessun Tag, puoi essere il primo ad aggiungerne!!
|
MARC
| LEADER | 00000 a a2200000 04500 | ||
|---|---|---|---|
| 001 | 6615 | ||
| 003 | |||
| 040 | |||
| 245 | |a Participación ciudadana, los límites del Plan Puebla-Panamá | ||
| 650 | |a PARTICIPACION SOCIAL | ||
| 650 | |a SOCIEDAD CIVIL | ||
| 650 | |a ACUERDOS INTERNACIONALES | ||
| 773 | |g volumen 23, número 1021; páginas 12-13 | ||
| 999 | |c 27636 |d 27636 | ||
